Βόρειος Μακεδονία : ο ελληνισμός της Στρωμνίτσης : τοπογραφία, ιστορία, εκκλησία, παιδεία, εθνική και κοινοτική ζωή
Saved in:
| Main Author: | |
|---|---|
| Format: | Book |
| Language: | Greek |
| Published: |
Θεσσαλονίκη :
Ιδρυμα Μελετών Χερσονήσου του Αίμου,
1980.
|
| Series: | Ίδρυμα Μελετών Χερσονήσου του Αίμου (Σειρά)
181 |
| Subjects: | |
| Tags: |
Add Tag
No Tags, Be the first to tag this record!
|
MARC
| LEADER | 00000cam a2200000 i 4500 | ||
|---|---|---|---|
| 001 | 1/99517 | ||
| 008 | 950403s1980 gr | ||| |||| ||gre|| | ||
| 035 | |l 10011335 | ||
| 040 | |a GR-MY-UA |b gre |e aacr | ||
| 041 | 0 | |a gre | |
| 082 | 7 | |a 938.94 |2 (22) | |
| 100 | 1 | |a Αγγελόπουλος, Αθανάσιος Αν., |d 1940- | |
| 245 | 1 | 0 | |a Βόρειος Μακεδονία : |b ο ελληνισμός της Στρωμνίτσης : τοπογραφία, ιστορία, εκκλησία, παιδεία, εθνική και κοινοτική ζωή / |c Αθανασίου Α. Αγγελόπουλου ; απομνημονεύματα Κ. Μπόνη. |
| 260 | |a Θεσσαλονίκη : |b Ιδρυμα Μελετών Χερσονήσου του Αίμου, |c 1980. | ||
| 300 | |a 346 σ. : |b εικ. ; |c 24 εκ. | ||
| 490 | 1 | |a (Ίδρυμα Μελετών Χερσονήσου του Αίμου / Σειρά ; |v 181) | |
| 500 | |a Απομνημονεύματα Κ. Μπόνη. | ||
| 504 | |a Περιέχει ευρετήριο και βιβλιογραφία. | ||
| 650 | 0 | 0 | |a Greeks |z Macedonia |z Strumica |x History. |
| 651 | 0 | |a Strumica (Macedonia) |x Ethnic relations. | |
| 651 | 0 | |a Strumica (Macedonia) |x History. | |
| 830 | 0 | |a Ίδρυμα Μελετών Χερσονήσου του Αίμου (Σειρά) |v 181 | |
| 852 | |a INST |b LESVOS |e 19950403 |h 938.94 ΑΓΓ |p 005100002214 |q 005100002214 |t BK |y 0 | ||
| 852 | |a INST |b LESVOS |e 20060111 |h 938.94 ΑΓΓ |p 005100033879 |q 005100033879 |t BK |y 0 | ||
| 852 | |a INST |b RHODES |c AKA |e 20190715 |h 938.94 ΑΓΓ |p 005400040983 |q 005400040983 |t BK |y 0 | ||
| 901 | |a BIBL1-2006-1 | ||
| 909 | |a Λ |b 039800 | ||
| 909 | |a Λ |b 124544 | ||
| 920 | |a ΕΠΕΑΕΚ ΚΟΙΝΩΝΙΚΗΣ ΑΝΘΡΩΠΟΛΟΓΙΑΣ |y Λέσβος |z 2005-11 | ||
| 970 | |z 2000/06/ΟΙΚΟΝΟΜΟΠΟΥΛΟΥ ΧΡΙΣΤΙΝΑ | ||